00469nam a2200169Ia 450000500170000000800410001702000150005808200130007310000200008624500870010625000100019326000470020330000160025065000080026665000120027465000130028620240402061955.0240331s9999 xx 000 0 und d a0333498488 bDURa328 aDurham, Martin. 0aSex and politics :bthe family and morality in the thatcher yearscMartin, Durham. a1 St. aLondon :bMacmillan Education Ltd /c1991. aix, 209 p., aSex aSociety apolitics